| 000 | 02156nam a2200433 c 4500 | ||
|---|---|---|---|
| 003 | BLK | ||
| 005 | 20180422104235.0 | ||
| 008 | 180408b bul|||||r ||||||| ||bul|| | ||
| 010 | _aKNG00089976000 | ||
| 020 |
_a978-954-92260-1-0 _bиздат.: Информа принт |
||
| 040 | _aBLK | ||
| 041 |
_aBUL _cBUL |
||
| 080 |
_aПолитически партии и движения _b329 _x(47+57)КПСС(092) _z329(47+57)КПСС(092) |
||
| 080 |
_aПолитическо преследване. Терористични действия. Тероризъм - Атентати, политически убийства. Вж и 343.1 ; 343.3/.7 _b323.28 _x(47+57)(091) _z323.28(47+57)(091) |
||
| 080 |
_aИстория на Втората световна война (1939-1945) _b940.53 _x _z940.53 |
||
| 080 |
_aДжугашвили. Революционер, член на болшевишката партия и политически лидер на СССР _b929 Сталин, Йосиф Висарионович _x _z929 Сталин, Йосиф Висарионович |
||
| 100 | 1 |
_aЗротев, Владимир Тодоров _eпърви автор _970286 |
|
| 139 |
_aЗротев, Владимир Тодоров _bЗ 92 |
||
| 245 | 1 | 0 |
_aПрочистване _bПолит. философия на сталинизма _cВладимир Тодоров Зротев. |
| 257 | _aBGR | ||
| 260 |
_аБургас _bИнформа принт _c2008 |
||
| 300 |
_a432 с. _c24 см |
||
| 380 | _a3 | ||
| 500 | _aБиблиогр. с. 428-430 | ||
| 504 | _a428-430 | ||
| 600 | 1 | 4 |
_aСталин, Йосиф Висарионович _9366674 |
| 650 | 4 |
_aКПСС - дейци _9250565 |
|
| 650 | 4 |
_aПолитически репресии - СССР - история _9265875 |
|
| 650 | 4 |
_aВтора световна война - история _9276224 |
|
| 653 | _aКПСС | ||
| 653 | _aполитически репресии | ||
| 653 | _aВтора световна война | ||
| 653 | _aСталин | ||
| 852 | _aЦб 244340 | ||
| 856 | 4 |
_qpdf _u |
|
| 856 | 4 |
_qpdf _u |
|
| 942 |
_cKNG _n0 |
||
| 944 |
_aCR _c16.06.2009 _kМилена_Ачева |
||
| 944 |
_aED _c22.06.2009 _k |
||
| 999 |
_c85376 _d85376 |
||